Strana slovenskej národnej jednoty na okupovanom území južného Slovenska v rokoch 1941-1944

Bibliographic Details
Main Author: Mitáč, Ján, 1983- (Author)
Format: Article
Language:Slovak
PhysicalDescription:Fotogr.
ISSN:1336-6297
Subjects:

MARC

LEADER 00000nab a2200000 a 4500
001 vtls010181999
003 SK-MaSNL
005 20260304184045.0
008 250708|2010 xo |||||||||||||| b|slo
015 |a SNBRA2010/09  |2 snkbucl 
035 |a (uuid)be2d606c-a630-4729-9e8f-b8020ff3d398 
035 |a urn:nbn:sk:snk-ab173h 
035 |a (urnnbn)urn:nbn:sk:snk:ar-003jd4 
038 |a SNKBUCL 
040 |a SNKBUCL  |b slo  |c SNKBUCL  |e AACR2 
041 0 |a slo  |b eng 
044 |a xo  |c SK 
080 |a 94(437.6)"1941/1942"  |2 2001 
080 |a 329.1/.6  |x (437.6)  |x "1941/1944"  |2 2001 
100 1 |a Mitáč, Ján,  |d 1983-  |4 aut  |9 333828 
245 1 0 |a Strana slovenskej národnej jednoty na okupovanom území južného Slovenska v rokoch 1941-1944  |c Ján Mitáč 
300 |b Fotogr. 
504 |a Bibliogr. odkazy 
546 |a Res. angl. 
610 2 7 |a Strana slovenskej národnej jednoty  |2 snkbucl  |9 403124 
630 0 7 |a Slovenská jednota (noviny)  |2 snkbucl  |9 1516927 
648 7 |a 1941-1944  |2 snkbucl  |9 401205 
650 0 7 |a politické strany  |2 snkbucl  |9 3589 
650 0 7 |a druhá svetová vojna (1939-1945)  |2 snkbucl  |9 169657 
651 7 |a Slovensko južné  |2 snkbucl  |9 161138 
651 7 |a Slovensko  |x dejiny  |2 snkbucl  |9 13278 
655 7 |a štúdie  |2 snkbucl  |9 57033 
773 0 |t Pamäť národa  |g Roč. VI, č. 3 (2010), s. 4-18  |x 1336-6297 
850 |a Slovenská národná knižnica 
852 |a Slovenská národná knižnica 
954 |a odborná, vedecká literatúra pôvodná (slovenská)  |2 lita 
958 |a article27 
958 |a NB 
958 |a OND 
958 |a EUIPO 
999 |c 3036668  |d 3038598